Regional forestry forums (Record no. 73768)

MARC details
000 -LEADER
fixed length control field 01003cam a2200181 4500
008 - FIXED-LENGTH DATA ELEMENTS--GENERAL INFORMATION
fixed length control field 031112n2003 000 0 eng u
035 ## - SYSTEM CONTROL NUMBER
System control number (Sirsi) u124285
245 ## - TITLE STATEMENT
Title Regional forestry forums
260 ## - PUBLICATION, DISTRIBUTION, ETC.
Date of publication, distribution, etc. 2003
490 ## - SERIES STATEMENT
Series statement Scottish Executive Press Release
Volume/sequential designation (SEnw1027/2003) 10 November 2003 (2)
520 ## - SUMMARY, ETC.
Summary, etc. The creation of regional forestry forums are to be set up to advise the Forestry Commission Scotland on forestry policy and practice. These forums will cover all the activities of the Forestry Commission Scotland, including the management of the national forests. Members are to be drawn from across the range of interests in forestry, and will be appointed from an open recruitment process. The press release can be viewed at http://www.scotland.gov.uk/pages/news/2003/11/SEnw1027.aspx.
650 ## - SUBJECT ADDED ENTRY--TOPICAL TERM
Topical term or geographic name entry element SCOTTISH EXECUTIVE
650 ## - SUBJECT ADDED ENTRY--TOPICAL TERM
Topical term or geographic name entry element FORESTRY
650 ## - SUBJECT ADDED ENTRY--TOPICAL TERM
Topical term or geographic name entry element FORESTRY COMMISSION SCOTLAND
650 ## - SUBJECT ADDED ENTRY--TOPICAL TERM
Topical term or geographic name entry element SCOTTISH FORESTRY FORUM
690 ## - LOCAL SUBJECT ADDED ENTRY--TOPICAL TERM (OCLC, RLIN)
Topical term or geographic name as entry element RURAL-AGRICULTURE AND FORESTRY
942 ## - ADDED ENTRY ELEMENTS (KOHA)
Suppress in OPAC 0
Holdings
Withdrawn status Lost status Source of classification or shelving scheme Damaged status Not for loan Home library Current library Shelving location Date acquired Total Checkouts Barcode Date last seen Copy number Price effective from Koha item type
    Dewey Decimal Classification     London London News article 12/11/2003   124285-1001 06/08/2019 1 06/08/2019 News article